Ricostruisci la Carriera del Calciatore - Dario Dainelli - Statistics

Statistiche generali
  • Questo quiz è stato fatto 8 volte
  • Il punteggio medio è 2 su 11
Statistiche sulle risposte
Hint Risposta % Corretto
1999-2000 Fidelis Andria
80%
2012-2018 Chievo
40%
2001-2002 Brescia
20%
1999 Cavese
20%
2004-2010 Fiorentina
20%
2010-2012 Genoa
20%
2018-2019 Livorno
20%
2002-2004 Brescia
0%
2000-2001 Lecce
0%
1998-1999 Modena
0%
2002 Verona
0%
Nessun quiz corrispondente trovato
Distribuzione punteggi
Percentuale di utenti per punteggio
Percentile per numero di risposta
I tuoi punteggi nel tempo
Non hai fatto questo quiz